Complex variables and the Laplace transform for engineers (Record no. 13856)

000 -LEADER
fixed length control field 00606nam a22002051 4500
001 - CONTROL NUMBER
control field 13856
003 - CONTROL NUMBER IDENTIFIER
control field BD-DhUET
008 - FIXED-LENGTH DATA ELEMENTS--GENERAL INFORMATION
fixed length control field 840622s1961 nyua b 000 0 eng
040 ## - CATALOGING SOURCE
Original cataloging agency DLC
Transcribing agency DLC
Modifying agency BD-DhUET
082 00 - DEWEY DECIMAL CLASSIFICATION NUMBER
Classification number 517.862
Item number LEP/1961
100 ## - MAIN ENTRY--PERSONAL NAME
Personal name LePage, Wilbur R.
245 10 - TITLE STATEMENT
Title Complex variables and the Laplace transform for engineers
250 ## - EDITION STATEMENT
Edition statement 1st ed.
260 ## - PUBLICATION, DISTRIBUTION, ETC. (IMPRINT)
Place of publication, distribution, etc. Bombay
Name of publisher, distributor, etc. McGraw-Hill
Date of publication, distribution, etc. 1961
300 ## - PHYSICAL DESCRIPTION
Extent xvi, 475 p.
Other physical details ill.
Dimensions 24 cm.
490 ## - SERIES STATEMENT
Series statement International series in pure and applied mathematics
504 ## - BIBLIOGRAPHY, ETC. NOTE
Bibliography, etc Includes bibliographies
650 #0 - SUBJECT ADDED ENTRY--TOPICAL TERM
Topical term or geographic name as entry element Calculus - Complex variables
942 ## - ADDED ENTRY ELEMENTS (KOHA)
Koha item type General Book
Holdings
Piece designation (barcode) Date acquired Withdrawn status Koha full call number Koha date last seen Shelving location Koha item type Source of classification or shelving scheme Lost status Location (home branch) Koha normalized classification for sorting Damaged status Price effective from Not for loan Sublocation or collection (holding branch) Copy number
401162015-03-05 517.862/LEP/19612015-03-05Circulation sectionGeneral Book  Central Library, BUET517_862000000000000_LEP_1961 2015-03-05 Central Library, BUET1
243852015-03-05 517.862/LEP/19612015-03-05Circulation sectionGeneral Book  Central Library, BUET517_862000000000000_LEP_1961 2015-03-05 Central Library, BUET2
63742015-03-07 517.862/LEP/19612015-03-07Circulation sectionGeneral Book  Central Library, BUET517_862000000000000_LEP_1961 2015-03-07 Central Library, BUET3
510272015-03-07 517.862/LEP/19612015-03-07Circulation sectionGeneral Book  Central Library, BUET517_862000000000000_LEP_1961 2015-03-07 Central Library, BUET4
209632015-03-07 517.862/LEP/19612015-03-07Circulation sectionGeneral Book  Central Library, BUET517_862000000000000_LEP_1961 2015-03-07 Central Library, BUET5
426592015-03-07 517.862/LEP/19612015-03-07Circulation sectionGeneral Book  Central Library, BUET517_862000000000000_LEP_1961 2015-03-07 Central Library, BUET6
401152015-03-07 517.862/LEP/19612015-03-07Circulation sectionGeneral Book  Central Library, BUET517_862000000000000_LEP_1961 2015-03-07 Central Library, BUET7
396712015-03-07 517.862/LEP/19612015-03-07Circulation sectionGeneral Book  Central Library, BUET517_862000000000000_LEP_1961 2015-03-07 Central Library, BUET8
396702015-03-07 517.862/LEP/19612015-03-07Circulation sectionGeneral Book  Central Library, BUET517_862000000000000_LEP_1961 2015-03-07 Central Library, BUET9
426602015-03-07 517.862/LEP/19612015-03-07Circulation sectionGeneral Book  Central Library, BUET517_862000000000000_LEP_1961 2015-03-07 Central Library, BUET10
426612015-03-09 517.862/LEP/19612015-03-09Circulation sectionGeneral Book  Central Library, BUET517_862000000000000_LEP_1961 2015-03-09 Central Library, BUET11
510262015-03-09 517.862/LEP/19612015-03-09Circulation sectionGeneral Book  Central Library, BUET517_862000000000000_LEP_1961 2015-03-09 Central Library, BUET12
20392015-05-03 517.862/LEP/19612015-05-03Circulation sectionGeneral Book  Central Library, BUET517_862000000000000_LEP_1961 2015-05-03 Central Library, BUET13
63752015-05-03 517.862/LEP/19612015-05-03Circulation sectionGeneral Book  Central Library, BUET517_862000000000000_LEP_1961 2015-05-03 Central Library, BUET14
20412015-05-03 517.862/LEP/19612015-05-03Circulation sectionGeneral Book  Central Library, BUET517_862000000000000_LEP_1961 2015-05-03 Central Library, BUET15
20402015-05-03 517.862/LEP/19612015-05-03Circulation sectionGeneral Book  Central Library, BUET517_862000000000000_LEP_1961 2015-05-03 Central Library, BUET16